000 00344nam a2200145Ia 4500
008 230312s9999||||xx |||||||||||||| ||und||
020 _a0-07-462320-6
082 _a615
_bPEL-M
100 _aPelczar;Michael.J
245 0 _aMicrobiology
260 _bMcGraw Hill
_aIndia
_c2014
300 _a918
650 _aMedical
_vMicrobiology
942 _cBK
999 _c9984
_d9984